La literatura indígena moderna /

Emisión del programa Nexos TV del 27 de diciembre de 1994, dedicada a la literatura indígena moderna en México. Los cuatro participantes en la mesa redonda son: Víctor de la Cruz, escritor en lengua zapoteca y compilador de la antología La flor de la palabra; Natalio Hernández, autor de Collar de fl...

Повний опис

Збережено в:
Бібліографічні деталі
Автор: Cordera Campos, Rolando (dir. general)
Інші автори: Sánchez Rebolledo, Adolfo (coordinación) (coordinación), Gutiérrez, Marcela (producción) (producción), Sánchez Rebolledo, Adolfo (guión) (guión), Aguilar Camín, Héctor (asesoría) (asesoría), Cruz, Víctor de la (conferencia) (conferencia), Hernández Hernández, Natalio (conferencia) (conferencia), May May, Miguel Angel (conferencia) (conferencia), Montemayor, Carlos (conferencia) (conferencia)
Формат: Слайд
Мова:Іспанська
Опубліковано: México : Televisión Azteca, 1994, c1994
Серія:(Nexos TV ; 304)
Предмети:
Теги: Додати тег
Немає тегів, Будьте першим, хто поставить тег для цього запису!

MARC

LEADER 00000ngm^a2200000^a^4500
001 000275373
005 20250521000000.0
009 20260310111230.053
037 |a Acervo ITESO - Biblioteca 
041 |a ESP 
082 |a 320. 972  |b NEX V. 304 
100 |a Cordera Campos, Rolando  |e (dir. general) 
240 1 1 |a [Nexos TV] 
245 1 3 |a La literatura indígena moderna /  |c Dir. general de R. Cordera Campos. 
264 4 |a México :  |b Televisión Azteca,  |c 1994, c1994 
300 |a 1 videocasete VHS  |c (50 min.) 
336 |a imagen móvil bidimensional  |b tdi  |2 rdacontenido 
337 |a video  |b v  |2 rdamedio 
338 |a videocasete  |b vf  |2 rdasoporte 
440 1 |a (Nexos TV ;  |v 304) 
520 |a Emisión del programa Nexos TV del 27 de diciembre de 1994, dedicada a la literatura indígena moderna en México. Los cuatro participantes en la mesa redonda son: Víctor de la Cruz, escritor en lengua zapoteca y compilador de la antología La flor de la palabra; Natalio Hernández, autor de Collar de flores y Canto nuevo de Anáhuac, libros de poesía en lengua nahua; Miguel Angel May May, representante de la literatura maya y autor de Breve reseña de kimbilá, y Carlos Montemayor, coordinador editorial de la colección Letras Mayas Contemporáneas, compuesta por 40 volúmenes. 
649 |a XX 
650 |a Programas de Opinión y Debate 
650 |a Debates y el Arte de Discutir 
650 |a Literatura Indígena -  |z México -  |x Historia y Crítica -  |x Tema Principal 
650 |a Literatura Indígena -  |y Siglo XX 
650 |a Literatura Mexicana -  |x Historia y Crítica 
650 |a Literatura Mexicana -  |y Siglo XX 
700 |a Sánchez Rebolledo, Adolfo  |e (coordinación) 
700 |a Gutiérrez, Marcela  |e (producción) 
700 |a Sánchez Rebolledo, Adolfo  |e (guión) 
700 |a Aguilar Camín, Héctor  |e (asesoría) 
700 |a Cruz, Víctor de la  |e (conferencia) 
700 |a Hernández Hernández, Natalio  |e (conferencia) 
700 |a May May, Miguel Angel  |e (conferencia) 
700 |a Montemayor, Carlos  |e (conferencia) 
910 |a Fondo General 
920 |a Audiovisuales - Videocasetes 
905 |a 301 
901 |a 0500066246  |b IT2  |c VIS  |u 20250521 
902 |a https://opac.biblio.iteso.mx/vufind/Record/000275373